| 000 | 01069nam a2200277 a 4500 | ||
|---|---|---|---|
| 999 |
_c56735 _d56735 |
||
| 001 | 56735 | ||
| 003 | Mx-PuUPA | ||
| 005 | 20191008160329.0 | ||
| 008 | 140415s2009 mx a r 000 0 spa d | ||
| 020 | _a9786074480115 | ||
| 040 |
_erda _aMx-PuUPA _bspa _cMx-PuUPA _dMx-PuUPA |
||
| 041 | 0 | _aspa | |
| 100 | 1 |
_aGarcía-Cabrero, Benilde, _eautor |
|
| 245 | 1 | 0 |
_aManual de métodos de investigación para las ciencias sociales : _bun enfoque de enseñanza basado en proyectos / _cBenilde García Cabrero. |
| 250 | _a[Primera edición] | ||
| 264 | 1 |
_aMéxico : _bUniversidad Nacional Autónoma de México, _c2009 |
|
| 300 |
_a179 páginas : _bilustraciones ; _c23 cm. |
||
| 336 |
_atexto _2rdacontent _btxt |
||
| 337 |
_asin medio _2rdamedia _bn |
||
| 338 |
_avolumen _2rdacarrier _bnc |
||
| 650 | 4 |
_aCiencias sociales _xInvestigación |
|
| 650 | 4 |
_aCiencias sociales _xMétodos estadísticos _xInvestigación social |
|
| 942 |
_2ddc _cLI _h300.72 _iGAR |
||